America’s strategy of renewal: Rebuilding leadership for a new world (Record no. 528352)
[ view plain ]
| 000 -LEADER | |
|---|---|
| fixed length control field | 00984nam a22001337a 4500 |
| 008 - FIXED-LENGTH DATA ELEMENTS--GENERAL INFORMATION | |
| fixed length control field | 241203b ||||| |||| 00| 0 eng d |
| 100 ## - MAIN ENTRY--PERSONAL NAME | |
| Personal name | Blinken, Antony J. |
| 245 ## - TITLE STATEMENT | |
| Title | America’s strategy of renewal: Rebuilding leadership for a new world |
| 260 ## - PUBLICATION, DISTRIBUTION, ETC. (IMPRINT) | |
| Place of publication, distribution, etc | Foreign Affairs |
| 300 ## - PHYSICAL DESCRIPTION | |
| Extent | 103(6), Nov-Dec, 2024: p.62-76 |
| 520 ## - SUMMARY, ETC. | |
| Summary, etc | Afierce competition is underway to define a new age in international affairs. A small number of countries—principally Russia, with the partnership of Iran and North Korea, as well as China—are determined to alter the foundational principles of the international system. While their forms of governance, ideologies, interests, and capabilities differ, these revisionist powers all want to entrench autocratic rule at home and assert spheres of influence abroad. – Reproduced https://www.foreignaffairs.com/united-states/antony-blinken-americas-strategy-renewal-leadership-new-world |
| 773 ## - HOST ITEM ENTRY | |
| Main entry heading | Foreign Affairs |
| 942 ## - ADDED ENTRY ELEMENTS (KOHA) | |
| Item type | Articles |
| Withdrawn status | Lost status | Source of classification or shelving scheme | Damaged status | Not for loan | Permanent location | Current location | Date acquired | Serial Enumeration / chronology | Barcode | Date last seen | Koha item type |
|---|---|---|---|---|---|---|---|---|---|---|---|
| Indian Institute of Public Administration | Indian Institute of Public Administration | 2024-12-03 | 103(6), Nov-Dec, 2024: p.62-76 | AR133744 | 2024-12-03 | Articles |
